Java Programming - Block 1/ (Record no. 78126)

MARC details
000 -LEADER
fixed length control field 00490nam a2200181Ia 4500
008 - FIXED-LENGTH DATA ELEMENTS--GENERAL INFORMATION
fixed length control field 220922s9999||||xx |||||||||||||| ||und||
040 ## - CATALOGING SOURCE
Transcribing agency SFLIB
041 ## - LANGUAGE CODE
Language code of text/sound track or separate title English
082 ## - DEWEY DECIMAL CLASSIFICATION NUMBER
Classification number COM-APLS
Item number 121
100 ## - MAIN ENTRY--PERSONAL NAME
Personal name Manipal Academy of Higher Education
245 #0 - TITLE STATEMENT
Title Java Programming - Block 1/
Statement of responsibility, etc. by Manipal Academy of Higher Education
260 ## - PUBLICATION, DISTRIBUTION, ETC.
Place of publication, distribution, etc. Manipal :
Name of publisher, distributor, etc. Manipal Press,
Date of publication, distribution, etc. 2000
300 ## - PHYSICAL DESCRIPTION
Extent 158 p.
650 ## - SUBJECT ADDED ENTRY--TOPICAL TERM
Topical term or geographic name entry element java
650 ## - SUBJECT ADDED ENTRY--TOPICAL TERM
Topical term or geographic name entry element java programming
650 ## - SUBJECT ADDED ENTRY--TOPICAL TERM
Topical term or geographic name entry element programming
942 ## - ADDED ENTRY ELEMENTS (KOHA)
Koha item type SF Library Books
Holdings
Withdrawn status Lost status Damaged status Collection code Not for loan Home library Current library Shelving location Date acquired Total Checkouts Full call number Barcode Date last seen Price effective from Koha item type
      Computer Applications   Z - SF LIBRARY@STCP Z - SF LIBRARY@STCP Shelf 1 - Rack 4 2022-09-24   COM-APLS 121 SF1123 2022-09-24 2022-09-24 SF Library Books
Rights reserved ©2021 ST. THOMAS COLLEGE LIBRARY
A joint venture of - St. Thomas College Library and
Department of Computer Science, St. Thomas Collge Palai